[Event "Pere Noel U1400"]
[Site "Montreal CAN"]
[Date "2023.12.30"]
[Round "4.50"]
[White "Adam, Gabriel"]
[Black "Yavorskyi, Yevhen"]
[Result "0-1"]
[WhiteElo "1059"]
[BlackElo "1327"]
[PlyCount "68"]
[EventDate "2023.12.27"]
[EventType "swiss"]
[EventRounds "5"]
[EventCountry "CAN"]

1. e4 c5 2. Nf3 d6 3. Bc4 Nf6 4. Nc3 g6 5. O-O Bg7 6. d3 O-O 7. h3 Nc6 8. a3 a6
9. Be3 b5 10. Ba2 Bb7 11. Qe2 Qc7 12. Rfd1 Rfd8 13. Ng5 e6 14. Bxe6 fxe6 15.
Nxe6 Qe7 16. Nxd8 Rxd8 17. Bg5 Nd4 18. Qd2 Qf7 19. Ne2 Nxe2+ 20. Qxe2 Rf8 21.
Rf1 Nh5 22. Rab1 Bd4 23. Be3 Bxe3 24. Qxe3 Nf4 25. c3 Qe7 26. b4 Qg5 27. g4 h5
28. Kh2 hxg4 29. Rg1 Bc8 30. f3 Nxh3 31. Qxg5 Nxg5 32. Kh1 Nxf3 33. Rgf1 Kg7
34. Rb2 Rh8+ 0-1

[Event "Pere Noel U1400"]
[Site "Montreal CAN"]
[Date "2023.12.30"]
[Round "4.51"]
[White "Sonko, Stephane"]
[Black "Campos, Jorge"]
[Result "1-0"]
[WhiteElo "1160"]
[BlackElo "1044"]
[PlyCount "35"]
[EventDate "2023.12.27"]
[EventType "swiss"]
[EventRounds "5"]
[EventCountry "CAN"]

1. e4 c5 2. Nf3 d6 3. c3 Nf6 4. d3 Nc6 5. Bg5 e5 6. Nbd2 Be7 7. Be2 d5 8. exd5
Nxd5 9. Bxe7 Qxe7 10. Ne4 O-O 11. O-O Rd8 12. Re1 Nf4 13. Bf1 Nxd3 14. Bxd3 c4
15. Re3 f5 16. Bxc4+ Kh8 17. Ned2 e4 18. Qe2 1-0

[Event "Pere Noel U1400"]
[Site "Montreal CAN"]
[Date "2023.12.30"]
[Round "4.53"]
[White "Alhamed, Hamed"]
[Black "Ferjani, Wael"]
[Result "1-0"]
[WhiteElo "1128"]
[BlackElo "1300"]
[PlyCount "83"]
[EventDate "2023.12.27"]
[EventType "swiss"]
[EventRounds "5"]
[EventCountry "CAN"]

1. d4 d5 2. c4 dxc4 3. e4 e6 4. Bxc4 Nf6 5. Bd3 Nc6 6. Nf3 h6 7. O-O Bb4 8. Be3
O-O 9. a3 Ba5 10. b4 Bb6 11. Bc2 a6 12. Nc3 Ba7 13. e5 Ng4 14. Qd3 f5 15. exf6
Nxf6 16. Ne2 Rf7 17. Rac1 b5 18. Qg6 Ne7 19. Qg3 g5 20. Bb1 c6 21. Ne5 Rg7 22.
Qh3 h5 23. Qf3 Qf8 24. Nxc6 Nxc6 25. Qxc6 Bd7 26. Qb7 Qd8 27. Ng3 Bb6 28. Qf3
Ra7 29. Ba2 g4 30. Qf4 Bc8 31. Rxc8 Qxc8 32. Qxf6 Rae7 33. Nxh5 Rgf7 34. Qg6+
Kh8 35. Qxg4 Qe8 36. Bg5 Rd7 37. Bf6+ Rxf6 38. Nxf6 Qf7 39. Nxd7 Qxd7 40. Qxe6
Qxe6 41. Bxe6 Bxd4 42. Bc8 1-0

[Event "Pere Noel U1400"]
[Site "Montreal CAN"]
[Date "2023.12.30"]
[Round "4.54"]
[White "Memon, Aayan"]
[Black "Diraddo, Daniel"]
[Result "1-0"]
[WhiteElo "1135"]
[BlackElo "1259"]
[PlyCount "93"]
[EventDate "2023.12.27"]
[EventType "swiss"]
[EventRounds "5"]
[EventCountry "CAN"]

1. d4 d5 2. e3 Nf6 3. Bd3 Nc6 4. f4 e6 5. Nd2 Nb4 6. Qe2 c5 7. c3 Nxd3+ 8. Qxd3
c4 9. Qe2 Be7 10. Ngf3 O-O 11. Ne5 Bd6 12. O-O Bd7 13. Rf3 Rc8 14. h3 b5 15. g4
Bxe5 16. fxe5 Ne4 17. Nxe4 dxe4 18. Rg3 Qh4 19. Kh2 f5 20. gxf5 Rxf5 21. Rg4
Rf2+ 22. Kg1 Rxe2 23. Rxh4 Rf8 24. Rf4 Rf5 25. Rxf5 exf5 26. Rb1 g5 27. b3 cxb3
28. axb3 h5 29. Ra1 g4 30. hxg4 fxg4 31. Rxa7 Re1+ 32. Kf2 Rxc1 33. Rxd7 h4 34.
e6 Kf8 35. Rf7+ Ke8 36. Rh7 g3+ 37. Kg2 Rc2+ 38. Kg1 Rh2 39. d5 h3 40. d6 Rg2+
41. Kf1 Rf2+ 42. Ke1 h2 43. d7+ Kd8 44. Rh8+ Ke7 45. d8=Q+ Kxe6 46. Rh6+ Ke5
47. Qe7+ 1-0

[Event "Pere Noel U1400"]
[Site "Montreal CAN"]
[Date "2023.12.30"]
[Round "4.55"]
[White "Chelkowski, Jan"]
[Black "Morin, Vincent"]
[Result "0-1"]
[WhiteElo "1028"]
[BlackElo "1226"]
[PlyCount "76"]
[EventDate "2023.12.27"]
[EventType "swiss"]
[EventRounds "5"]
[EventCountry "CAN"]

1. e4 d5 2. exd5 Qxd5 3. Qf3 Nf6 4. Qxd5 Nxd5 5. Nf3 Bf5 6. Bc4 Nb6 7. Bb3 e6
8. Nh4 Bg6 9. Nc3 Nc6 10. Nb5 O-O-O 11. d3 a6 12. Na3 Nd4 13. Nc4 Nxc4 14. Nxg6
hxg6 15. dxc4 Nxb3 16. axb3 Bd6 17. g3 Be5 18. b4 Rd4 19. b5 Rxc4 20. bxa6 bxa6
21. Rxa6 Kb7 22. Ra2 Rxc2 23. O-O Ra8 24. Rxa8 Kxa8 25. b3 Kb7 26. Rd1 Bd6 27.
Be3 Rc3 28. Rb1 Bc5 29. Bf4 Rc2 30. Be3 Bxe3 31. fxe3 Rd2 32. Rf1 f6 33. Rf3
Rd3 34. h4 Rxb3 35. g4 c5 36. h5 c4 37. h6 gxh6 38. Rxf6 Rxe3 0-1

[Event "Pere Noel U1400"]
[Site "Montreal CAN"]
[Date "2023.12.30"]
[Round "4.62"]
[White "Faucher, Jules"]
[Black "Hrivnak, Peter"]
[Result "1/2-1/2"]
[WhiteElo "1188"]
[BlackElo "1309"]
[PlyCount "102"]
[EventDate "2023.12.27"]
[EventType "swiss"]
[EventRounds "5"]
[EventCountry "CAN"]

1. d4 Nf6 2. Nf3 g6 3. c4 Bg7 4. Nc3 d5 5. cxd5 Nxd5 6. e4 Nxc3 7. bxc3 c5 8.
Bb5+ Nd7 9. Ba3 O-O 10. Bxd7 cxd4 11. Bxc8 Qxc8 12. Rc1 dxc3 13. O-O Qe6 14.
Qc2 a5 15. Rfe1 b5 16. Bc5 Rac8 17. Bd4 Rfd8 18. e5 Bh6 19. Be3 Bxe3 20. Rxe3
b4 21. Qa4 Rc5 22. h3 h6 23. a3 Qa2 24. Ne1 Rd2 25. Qe8+ Kg7 26. Qxe7 Rcd5 27.
Qf6+ Kg8 28. e6 Rf5 29. exf7+ Qxf7 30. Qxf7+ Kxf7 31. Nf3 Ra2 32. axb4 axb4 33.
Ne5+ Kf6 34. Nd3 Rb5 35. g4 b3 36. Rxc3 b2 37. Nxb2 Rbxb2 38. Rf3+ Kg7 39. Rc7+
Kg8 40. Rf6 h5 41. Rxg6+ Kh8 42. Rc5 Kh7 43. gxh5 Rxf2 44. Rc7+ Kh8 45. h6 Rfd2
46. Rf6 Rd1+ 47. Rf1 Rd8 48. h7 Ra6 49. Kg2 Rg6+ 50. Kh2 Rd2+ 51. Kh1 Rd8
1/2-1/2

[Event "Pere Noel U1400"]
[Site "Montreal CAN"]
[Date "2023.12.30"]
[Round "4.65"]
[White "Deng, Vincent"]
[Black "Xu, David"]
[Result "1-0"]
[WhiteElo "1092"]
[BlackElo "1215"]
[PlyCount "79"]
[EventDate "2023.12.27"]
[EventType "swiss"]
[EventRounds "5"]
[EventCountry "CAN"]

1. e4 e5 2. Nf3 Nf6 3. Nxe5 d6 4. Nf3 Nxe4 5. Nc3 Nxc3 6. dxc3 Nc6 7. Bd3 d5 8.
O-O Be7 9. Re1 O-O 10. Bf4 Bg4 11. h3 Bh5 12. Be2 Re8 13. a4 a5 14. Nd4 Bxe2
15. Rxe2 Qd7 16. Nb5 Rec8 17. Rd2 Bd6 18. Rxd5 Ne7 19. Rd3 Ra6 20. Nxd6 cxd6
21. Bxd6 Rb6 22. Bc5 Qc7 23. Bxb6 Qxb6 24. Ra3 Nc6 25. Rb3 Qa6 26. Rd7 b6 27.
Qd5 Rf8 28. Qxc6 Qe2 29. Qd6 Qe8 30. Rxb6 h6 31. Rb5 Qe1+ 32. Kh2 Qxf2 33. Rxa5
Re8 34. Rd8 Rxd8 35. Qxd8+ Kh7 36. Qd3+ g6 37. Qd4 Qxc2 38. Ra8 Qxg2+ 39. Kxg2
g5 40. Qf6 1-0

[Event "Pere Noel U1400"]
[Site "Montreal CAN"]
[Date "2023.12.30"]
[Round "4.66"]
[White "Hammoud, Bassel"]
[Black "Poirier-Champagne, Samuel"]
[Result "0-1"]
[WhiteElo "1071"]
[BlackElo "1187"]
[PlyCount "66"]
[EventDate "2023.12.27"]
[EventType "swiss"]
[EventRounds "5"]
[EventCountry "CAN"]

1. e4 e5 2. Nf3 Nf6 3. Nxe5 d6 4. Nf3 Nxe4 5. Qe2 Qe7 6. Nc3 Nxc3 7. Qxe7+ Bxe7
8. dxc3 O-O 9. Bc4 Re8 10. O-O Bf5 11. Nd4 Bg6 12. Re1 Nd7 13. Bb5 c6 14. Nxc6
bxc6 15. Bxc6 Rad8 16. Bxd7 Rxd7 17. Bg5 f6 18. Be3 Bxc2 19. Rac1 Bg6 20. h4
Bf7 21. a3 Rb8 22. b4 Bd8 23. c4 Bb6 24. c5 dxc5 25. Bxc5 h6 26. Re2 Rc8 27.
Ree1 Bxc5 28. Rxc5 Rxc5 29. bxc5 Rd4 30. g3 Bc4 31. Re7 Bd5 32. Rxa7 Rd1+ 33.
Kh2 Rh1# 0-1

[Event "Pere Noel U1400"]
[Site "Montreal CAN"]
[Date "2023.12.30"]
[Round "4.67"]
[White "Delisle, Maxime"]
[Black "Chanot, Frederic"]
[Result "1-0"]
[WhiteElo "1054"]
[BlackElo "1151"]
[PlyCount "97"]
[EventDate "2023.12.27"]
[EventType "swiss"]
[EventRounds "5"]
[EventCountry "CAN"]

1. d4 d5 2. e3 Nf6 3. Bd3 g6 4. Nd2 Bg7 5. f4 e6 6. Ngf3 Nc6 7. a3 Nd7 8. c4
Qe7 9. O-O dxc4 10. Nxc4 O-O 11. Bd2 f6 12. Rc1 b6 13. b4 b5 14. Nb2 Bb7 15.
Bxb5 Ndb8 16. Nd3 a6 17. Ba4 Nd8 18. Nc5 Bc6 19. Rc3 e5 20. Qb3+ Kh8 21. d5 Bb5
22. Rfc1 e4 23. Nd4 f5 24. Nce6 Nxe6 25. Nxe6 Bxc3 26. Bxc3+ Kg8 27. Nxf8 Kxf8
28. Be5 Nd7 29. Rxc7 Qd8 30. d6 g5 31. Rb7 Qc8 32. Bxb5 Qxb7 33. Bxd7 Qxd7 34.
fxg5 Re8 35. Qd5 Re6 36. Kf2 Kf7 37. Kg3 Kg6 38. Kf4 h6 39. h4 hxg5+ 40. hxg5
Kh5 41. Qd1+ Kg6 42. Qh1 Qb5 43. Qh6+ Kf7 44. Qh7+ Ke8 45. Qxf5 Qf1+ 46. Kg4
Qxg2+ 47. Bg3 Qe2+ 48. Kh4 Kd7 49. Qf7+ 1-0

[Event "Pere Noel U1400"]
[Site "Montreal CAN"]
[Date "2023.12.30"]
[Round "4.68"]
[White "Khabatou, Mohamed"]
[Black "Wu, Yan-Lin"]
[Result "0-1"]
[WhiteElo "891"]
[BlackElo "1147"]
[PlyCount "41"]
[EventDate "2023.12.27"]
[EventType "swiss"]
[EventRounds "5"]
[EventCountry "CAN"]

1. d4 d5 2. c4 c6 3. Nc3 Nf6 4. Qc2 dxc4 5. e4 b5 6. Be2 g6 7. Nf3 Bg7 8. Bd2
Bg4 9. h3 Bd7 10. Bf4 O-O 11. Qc1 Na6 12. Bh6 Be6 13. e5 Nd5 14. Bxg7 Kxg7 15.
Ne4 f6 16. exf6+ exf6 17. O-O Re8 18. Qd2 Bf5 19. Ng3 Bd3 20. a4 b4 21. Ne1 {
illisible} 0-1

[Event "Pere Noel U1400"]
[Site "Montreal CAN"]
[Date "2023.12.30"]
[Round "5.50"]
[White "Morin, Vincent"]
[Black "Sonko, Stephane"]
[Result "0-1"]
[WhiteElo "1226"]
[BlackElo "1160"]
[PlyCount "114"]
[EventDate "2023.12.27"]
[EventType "swiss"]
[EventRounds "5"]
[EventCountry "CAN"]

1. f4 d5 2. Nf3 c5 3. e3 Nf6 4. Be2 Bf5 5. d4 c4 6. O-O e6 7. b3 b5 8. a4 Be7
9. axb5 cxb3 10. cxb3 O-O 11. Ne5 Bd6 12. Ba3 Qa5 13. Bxd6 Qxa1 14. Bxf8 Kxf8
15. Qc1 Nbd7 16. Nxd7+ Nxd7 17. Qc6 Rd8 18. Qc7 Ke7 19. Nd2 Qb2 20. Qc1 Qa2 21.
g4 Bc2 22. Qa1 Qxa1 23. Rxa1 Ra8 24. Rc1 Bg6 25. Nf3 f6 26. Nh4 Bf7 27. Bd3 h6
28. Nf3 Kd8 29. Ra1 Be8 30. Ra6 Nb6 31. g5 Bd7 32. h4 Nc8 33. Nh2 f5 34. Nf3
Rb8 35. Kf2 Ke7 36. Ne5 Be8 37. g6 Bxb5 38. Bxb5 Rxb5 39. Nc6+ Kf6 40. Nxa7
Nxa7 41. Rxa7 Kxg6 42. Ra3 Rb6 43. Kg3 Kh5 44. Kh3 Rb4 45. Kg3 g5 46. hxg5 hxg5
47. Ra6 e5 48. fxe5 Rxb3 49. Kf2 f4 50. exf4 gxf4 51. Ra1 Kg4 52. Ra5 Rb2+ 53.
Ke1 f3 54. e6 Kg3 55. Ra3 Kg2 56. Re3 f2+ 57. Kd1 f1=Q+ 0-1

[Event "Pere Noel U1400"]
[Site "Montreal CAN"]
[Date "2023.12.30"]
[Round "5.51"]
[White "Wu, Kenny"]
[Black "Memon, Aayan"]
[Result "1/2-1/2"]
[WhiteElo "1122"]
[BlackElo "1135"]
[PlyCount "121"]
[EventDate "2023.12.27"]
[EventType "swiss"]
[EventRounds "5"]
[EventCountry "CAN"]

1. e4 c6 2. d4 d5 3. exd5 cxd5 4. Bd3 Nc6 5. c3 Nf6 6. Nf3 Bg4 7. Nbd2 e6 8.
Qb3 Qc7 9. O-O Bd6 10. h3 Bh5 11. Re1 Bg6 12. Bb5 a6 13. Bf1 Na5 14. Qd1 h6 15.
Nb3 Ne4 16. Be3 f5 17. Nfd2 Nxb3 18. Qxb3 f4 19. Nxe4 Bxe4 20. Bd2 f3 21. Rxe4
dxe4 22. Qxe6+ Qe7 23. Qg6+ Kd7 24. Qg4+ Kc7 25. gxf3 exf3 26. Qxf3 Raf8 27.
Qe2 Qxe2 28. Bxe2 Bh2+ 29. Kg2 Bf4 30. Bxf4+ Rxf4 31. Rd1 Rhf8 32. f3 Re8 33.
Rd2 g5 34. c4 Rd8 35. d5 Kb6 36. b4 a5 37. a3 axb4 38. axb4 Kc7 39. Bd3 b5 40.
Rc2 bxc4 41. Bxc4 Kd6 42. Kf2 Rc8 43. Bb3 Rxc2+ 44. Bxc2 Rxb4 45. Be4 h5 46.
Kg3 Ke5 47. h4 g4 48. Kf2 gxf3 49. Bxf3 Rf4 50. Kg3 Rf5 51. Kg2 Kf4 52. Kf2 Rf6
53. Bxh5 Rh6 54. Bf3 Rxh4 55. Kg2 Ke5 56. Kg3 Rd4 57. Kf2 Kf4 58. Ke2 Rb4 59.
Bh1 Rd4 60. Bf3 Rb4 61. Bh1 1/2-1/2

[Event "Pere Noel U1400"]
[Site "Montreal CAN"]
[Date "2023.12.30"]
[Round "5.53"]
[White "Campos, Jorge"]
[Black "Chira, Dan"]
[Result "1-0"]
[WhiteElo "1044"]
[BlackElo "1336"]
[PlyCount "111"]
[EventDate "2023.12.27"]
[EventType "swiss"]
[EventRounds "5"]
[EventCountry "CAN"]

1. d4 d6 2. c4 Nf6 3. Nc3 c6 4. e4 Qa5 5. Bd2 Qb6 6. Nf3 Bg4 7. Qb3 Nbd7 8. Be3
Qc7 9. Nd2 e5 10. d5 Nc5 11. Qc2 Be7 12. f3 Bh5 13. Rc1 Bg6 14. b4 Ncd7 15. Bd3
O-O 16. Nb3 Nh5 17. dxc6 bxc6 18. b5 Nb6 19. bxc6 Qxc6 20. Nd5 Nxd5 21. cxd5
Qxc2 22. Rxc2 Rfc8 23. Rc6 Nf4 24. Kd2 Nxg2 25. Bf2 Bh5 26. Ba6 Rxc6 27. dxc6
Bxf3 28. Bb7 Bg5+ 29. Kc3 Re8 30. Nd2 Bxd2+ 31. Kxd2 Bxe4 32. Bxa7 f5 33. a4
Re7 34. Bb6 Rxb7 35. cxb7 Bxb7 36. Bc7 Nh4 37. Rb1 Be4 38. Rb4 Nf3+ 39. Ke3 Nd4
40. Rb8+ Kf7 41. Bxd6 Nc6 42. Rb5 Ke6 43. Bc7 g5 44. a5 Kd7 45. Bxe5 Nxe5 46.
Rxe5 Kc6 47. Rxe4 fxe4 48. Kxe4 Kb5 49. Kf5 g4 50. Kxg4 Kxa5 51. Kg5 Kb6 52. h4
Kc7 53. Kh6 Kd7 54. Kxh7 Ke7 55. Kg7 Ke6 56. h5 1-0

[Event "Pere Noel U1400"]
[Site "Montreal CAN"]
[Date "2023.12.30"]
[Round "5.54"]
[White "Loevenich, Anna"]
[Black "Hasbun, Merick"]
[Result "0-1"]
[WhiteElo "1002"]
[BlackElo "1289"]
[PlyCount "98"]
[EventDate "2023.12.27"]
[EventType "swiss"]
[EventRounds "5"]
[EventCountry "CAN"]

1. d4 d5 2. Bf4 Bf5 3. e3 Nf6 4. Bd3 Bg6 5. Nf3 e6 6. Nh4 Bd6 7. Bg3 Qe7 8.
Bb5+ Nbd7 9. Nd2 c6 10. Ba4 b5 11. Bb3 a5 12. c3 a4 13. Bc2 Bxc2 14. Qxc2 c5
15. e4 dxe4 16. Bxd6 Qxd6 17. Nxe4 Nxe4 18. Qxe4 O-O 19. O-O cxd4 20. cxd4 Nf6
21. Qe5 Qd5 22. Nf3 b4 23. Rac1 Qxa2 24. Rb1 Qd5 25. Qc7 Rfc8 26. Qb6 Qa5 27.
Qd6 Nd5 28. Ne5 Qc7 29. Qxc7 Rxc7 30. Rfc1 Rac8 31. Rxc7 Rxc7 32. Kf1 Kf8 33.
g3 a3 34. bxa3 bxa3 35. Ra1 Ra7 36. Nc4 a2 37. Nd2 Nb4 38. Nb3 Nc2 39. Rc1 a1=Q
40. Nxa1 Rxa1 41. Rxa1 Nxa1 42. Ke2 Nb3 43. Kd3 Ke7 44. Kc4 Nd2+ 45. Kd3 Nf3
46. h4 e5 47. d5 Nd4 48. Kc4 Kd6 49. g4 Ne2 0-1

[Event "Pere Noel U1400"]
[Site "Montreal CAN"]
[Date "2023.12.30"]
[Round "5.58"]
[White "Ferjani, Wael"]
[Black "Deng, Vincent"]
[Result "1-0"]
[WhiteElo "1300"]
[BlackElo "1092"]
[PlyCount "85"]
[EventDate "2023.12.27"]
[EventType "swiss"]
[EventRounds "5"]
[EventCountry "CAN"]

1. c4 Nf6 2. d4 e6 3. e3 Be7 4. b3 b6 5. Nf3 O-O 6. Bb2 Bb7 7. Nbd2 c5 8. Bd3
d5 9. Qc2 Nbd7 10. Ng5 h6 11. Nh7 Nxh7 12. Bxh7+ Kh8 13. O-O-O Nf6 14. Bd3 Rc8
15. Kb1 dxc4 16. bxc4 Ng4 17. Nb3 cxd4 18. exd4 Bh4 19. Rd2 b5 20. c5 Bg5 21.
Rdd1 Qf6 22. Rhe1 Qxf2 23. Re2 Qf6 24. d5 Qe7 25. d6 Qd7 26. Rde1 Bf4 27. Qc3
Nf6 28. Qb4 Nd5 29. Qd4 e5 30. Rxe5 Bxe5 31. Rxe5 Rg8 32. Bf5 Qd8 33. Bxc8 Qxc8
34. Na5 Nf6 35. Nxb7 Qxb7 36. Re2 a5 37. a3 Qd7 38. Qd2 Qf5+ 39. Ka1 b4 40. c6
Rc8 41. d7 Rd8 42. c7 Rxd7 43. c8=Q+ 1-0

[Event "Pere Noel U1400"]
[Site "Montreal CAN"]
[Date "2023.12.30"]
[Round "5.59"]
[White "Diraddo, Daniel"]
[Black "Delisle, Maxime"]
[Result "1/2-1/2"]
[WhiteElo "1259"]
[BlackElo "1054"]
[PlyCount "86"]
[EventDate "2023.12.27"]
[EventType "swiss"]
[EventRounds "5"]
[EventCountry "CAN"]

1. e4 c5 2. Nf3 Nc6 3. Bc4 e6 4. Nc3 g6 5. d3 Bg7 6. O-O Nge7 7. Be3 d6 8. d4
cxd4 9. Nxd4 O-O 10. Ndb5 Bxc3 11. bxc3 Ne5 12. Bb3 d5 13. exd5 exd5 14. Bd4
N5c6 15. Bf6 a6 16. Nd4 Qd6 17. Qf3 Nf5 18. Bg5 Nfxd4 19. cxd4 Nxd4 20. Qxd5
Qxd5 21. Bxd5 Nxc2 22. Rac1 Nd4 23. Rc7 Rb8 24. Rb1 b5 25. Re1 Be6 26. Bb7 Bxa2
27. Bxa6 Ne6 28. Rc2 Bc4 29. Bf6 Nc5 30. Bxb5 Bxb5 31. Rxc5 Rfc8 32. Rec1 Rxc5
33. Rxc5 Bc4 34. g4 Be6 35. f3 Kf8 36. Rc7 Ke8 37. g5 Rb2 38. Re7+ Kf8 39. Rc7
Ra2 40. Rb7 Ra8 41. Kg2 Kg8 42. Kg3 Rc8 43. Re7 Ra8 1/2-1/2

[Event "Pere Noel U1400"]
[Site "Montreal CAN"]
[Date "2023.12.30"]
[Round "5.62"]
[White "Xu, Xin Tian"]
[Black "Chelkowski, Jan"]
[Result "1-0"]
[WhiteElo "1176"]
[BlackElo "1028"]
[PlyCount "81"]
[EventDate "2023.12.27"]
[EventType "swiss"]
[EventRounds "5"]
[EventCountry "CAN"]

1. e4 e5 2. Nf3 Nc6 3. Bc4 Qf6 4. Nc3 Bc5 5. Nd5 Qd8 6. O-O Nf6 7. Nxe5 Nxe5 8.
d4 Nxc4 9. dxc5 O-O 10. Bg5 Kh8 11. Qd4 Qe8 12. Nxc7 Qxe4 13. Qxe4 Nxe4 14. Be7
Rg8 15. Nxa8 b6 16. Nc7 bxc5 17. f3 Nf6 18. Bxc5 a5 19. b3 Ne5 20. Rad1 Nh5 21.
Nd5 Bb7 22. Rfe1 Nc6 23. Ne7 Rd8 24. Nxc6 Bxc6 25. Bb6 Rc8 26. Bxa5 h6 27. c4
Ra8 28. b4 Nf4 29. Bc7 Ne6 30. Ba5 Nf4 31. Kf2 Ne6 32. Ra1 Nd4 33. Rac1 Ne6 34.
Red1 Ra7 35. Bb6 Rb7 36. c5 Nf4 37. a4 Rb8 38. b5 Bd5 39. Bc7 Bb3 40. Bxb8 Bxd1
41. Bxf4 1-0

[Event "Pere Noel U1400"]
[Site "Montreal CAN"]
[Date "2023.12.30"]
[Round "5.65"]
[White "Zhang, Anyu"]
[Black "Pepin, Pierre-Luc"]
[Result "1-0"]
[WhiteElo "1110"]
[BlackElo "1217"]
[PlyCount "151"]
[EventDate "2023.12.27"]
[EventType "swiss"]
[EventRounds "5"]
[EventCountry "CAN"]

1. e4 e6 2. d4 d5 3. e5 c5 4. c3 Nc6 5. Nf3 Qb6 6. Qb3 Qc7 7. Be3 g6 8. Nbd2
Na5 9. Qc2 cxd4 10. Bxd4 a6 11. Be2 Nc6 12. Qd3 Bg7 13. Qe3 Nge7 14. O-O Nf5
15. Qf4 Bh6 16. Qg4 Bxd2 17. Nxd2 Nxe5 18. Bxe5 Qxe5 19. Rfe1 Qc7 20. Nf3 Qb6
21. Rab1 Bd7 22. Qg5 Qd8 23. Qg4 h5 24. Qf4 O-O 25. Bd3 Kg7 26. Bxf5 exf5 27.
Qd4+ Qf6 28. Qxd5 Be6 29. Qxb7 Bxa2 30. Ra1 Rfb8 31. Qc7 Rxb2 32. Nd4 Rab8 33.
Qa5 Bc4 34. Qc5 Bd3 35. Nf3 Rb1 36. Raxb1 Rxb1 37. Rxb1 Bxb1 38. h3 Qd8 39. Ne5
Kf6 40. f4 Qe7 41. Qb6+ Qe6 42. Qxb1 g5 43. Nf3 gxf4 44. Qe1 a5 45. Qh4+ Kg6
46. Qg5+ Kh7 47. Qxh5+ Kg7 48. Qg5+ Kh7 49. Qxf4 Qf6 50. Qh4+ Qxh4 51. Nxh4 a4
52. Nf3 a3 53. Nd2 a2 54. Nb3 Kg6 55. Kf1 f4 56. Ke2 Kf5 57. Kd3 Ke5 58. c4 f5
59. h4 Kf6 60. c5 Ke7 61. h5 Kf7 62. c6 Ke7 63. h6 Kd6 64. h7 Kxc6 65. h8=Q Kb5
66. Qa1 Kb4 67. Qxa2 Kb5 68. Qa5+ Kc6 69. Nd4+ Kd6 70. Nxf5+ Ke6 71. Ke4 Kd7
72. Qb6 f3 73. gxf3 Ke8 74. Qc7 Kf8 75. Qe7+ Kg8 76. Qg7# 1-0

[Event "Pere Noel U1400"]
[Site "Montreal CAN"]
[Date "2023.12.30"]
[Round "5.66"]
[White "Xu, David"]
[Black "Khabatou, Mohamed"]
[Result "1-0"]
[WhiteElo "1215"]
[BlackElo "891"]
[PlyCount "51"]
[EventDate "2023.12.27"]
[EventType "swiss"]
[EventRounds "5"]
[EventCountry "CAN"]

1. e4 e5 2. Nf3 Nc6 3. Bc4 d6 4. d4 Bg4 5. dxe5 Nxe5 6. Be2 Nf6 7. Nc3 Be7 8.
Be3 Be6 9. O-O Nc4 10. Bxc4 Bxc4 11. Re1 Be6 12. h3 Qd7 13. a4 c5 14. Ng5 Bc4
15. b3 Ba6 16. Nd5 Bd8 17. Qd2 h6 18. Nf3 b6 19. Rad1 Nxe4 20. Bf4 f5 21. Nc3
Bb7 22. Bxd6 Be7 23. Nxe4 O-O 24. Bxe7 Qxe7 25. Nd6 Bxf3 26. Rxe7 1-0

[Event "Pere Noel U1800"]
[Site "Montreal CAN"]
[Date "2023.12.27"]
[Round "1.31"]
[White "Dauphinais, Sophie"]
[Black "Baran, Marius"]
[Result "1/2-1/2"]
[WhiteElo "1461"]
[BlackElo "1736"]
[PlyCount "138"]
[EventDate "2023.12.27"]
[EventType "swiss"]
[EventRounds "5"]
[EventCountry "CAN"]

1. e4 c6 2. d4 d5 3. exd5 cxd5 4. Bd3 Nc6 5. c3 Nf6 6. Bf4 Bg4 7. Qc2 e6 8. Nd2
Bh5 9. Ngf3 Bg6 10. O-O Bd6 11. Bxd6 Qxd6 12. Rfe1 Rc8 13. Bxg6 hxg6 14. Qd3
Kf8 15. Ne5 Rh5 16. Qg3 Kg8 17. Re2 g5 18. f3 g6 19. Rae1 Kg7 20. Nf1 Rch8 21.
Nxc6 Qxc6 22. Re5 Kh6 23. f4 Ne4 24. fxg5+ Kg7 25. Qe3 Nd6 26. b3 Qc7 27. h3
Ne4 28. Ng3 Nxg3 29. Qxg3 Rc8 30. R1e3 b5 31. Qe1 Qd8 32. Rg3 a5 33. Qd2 Rc7
34. Rf3 Rh4 35. Qf2 Re4 36. Rxe4 dxe4 37. Rf6 Qd5 38. Qe3 Rd7 39. h4 b4 40.
cxb4 axb4 41. Rf4 Qxd4 42. Rxe4 Qa1+ 43. Kh2 Rd1 44. Rxb4 Qb2 45. a4 Rd2 46.
Qg3 Re2 47. Rc4 e5 48. Qf3 Rf2 49. Qe4 Rf4 50. Qc2 Rxh4+ 51. Kg3 Qxc2 52. Rxc2
Rb4 53. Rc3 Kf8 54. Kf3 Ke7 55. Ke3 Kd6 56. Kd3 Rg4 57. Rc2 Rxg5 58. b4 Rg4 59.
Kc3 Kc6 60. Kb3+ Kb6 61. a5+ Kb7 62. Ka4 e4 63. Kb5 Rg5+ 64. Kc4 Re5 65. Kd4 f6
66. Re2 Rb5 67. Kc4 Re5 68. Kd4 Rb5 69. Kc4 Re5 1/2-1/2

[Event "Pere Noel U1800"]
[Site "Montreal CAN"]
[Date "2023.12.27"]
[Round "1.32"]
[White "Robillard, Guillaume"]
[Black "Bergeron, Jean-Guy"]
[Result "1-0"]
[WhiteElo "1650"]
[BlackElo "1427"]
[PlyCount "101"]
[EventDate "2023.12.27"]
[EventType "swiss"]
[EventRounds "5"]
[EventCountry "CAN"]

1. e4 Nc6 2. Nf3 a6 3. d4 d5 4. exd5 Qxd5 5. Nc3 Qd6 6. Bc4 Nf6 7. h3 Bf5 8.
O-O O-O-O 9. Qe2 Nxd4 10. Nxd4 Qxd4 11. Rd1 Qh4 12. Rxd8+ Kxd8 13. Bxf7 e6 14.
Bxe6 Bxe6 15. Qxe6 Bc5 16. Be3 Bd6 17. Rd1 Re8 18. Qf5 Qb4 19. Bc5 Qxb2 20.
Bxd6 cxd6 21. Rxd6+ Kc7 22. Qc5+ Kb8 23. Rb6 Qc1+ 24. Kh2 Qf4+ 25. g3 Qf3 26.
Qd6+ Ka7 27. Qd4 Ka8 28. Rd6 Rc8 29. Nd5 Nxd5 30. Rxd5 Qe2 31. Rd8 Rxd8 32.
Qxd8+ Ka7 33. Qd4+ Kb8 34. Qf4+ Ka7 35. Qe3+ Qxe3 36. fxe3 Kb6 37. Kg2 Kc5 38.
Kf3 Kd5 39. Kf4 Ke6 40. Ke4 h6 41. c4 g6 42. g4 g5 43. a4 a5 44. Kd4 b6 45. c5
b5 46. axb5 a4 47. b6 Kd7 48. b7 Kc7 49. c6 a3 50. Kc3 a2 51. Kb2 1-0

[Event "Pere Noel U1800"]
[Site "Montreal CAN"]
[Date "2023.12.27"]
[Round "1.33"]
[White "Germain, Max"]
[Black "Lajoie, Luc"]
[Result "0-1"]
[WhiteElo "1426"]
[BlackElo "1644"]
[PlyCount "50"]
[EventDate "2023.12.27"]
[EventType "swiss"]
[EventRounds "5"]
[EventCountry "CAN"]

1. d4 f5 2. c4 Nf6 3. Nc3 e6 4. a3 a5 5. Qc2 Be7 6. e4 fxe4 7. Nxe4 O-O 8. Bd3
h6 9. Nf3 d6 10. O-O Nc6 11. d5 exd5 12. Nxf6+ Bxf6 13. Bh7+ Kh8 14. Qg6 Ne7
15. Qc2 dxc4 16. Be4 d5 17. Bg6 Ra6 18. Rd1 c5 19. Rb1 b5 20. Bh5 Bf5 21. Qxf5
Nxf5 22. g4 Nd4 23. Nxd4 Bxd4 24. Be3 Bxe3 25. fxe3 g6 0-1

[Event "Pere Noel U1800"]
[Site "Montreal CAN"]
[Date "2023.12.27"]
[Round "1.34"]
[White "Goldner, John"]
[Black "Lamontagne, Damien"]
[Result "1/2-1/2"]
[WhiteElo "1639"]
[BlackElo "1423"]
[PlyCount "83"]
[EventDate "2023.12.27"]
[EventType "swiss"]
[EventRounds "5"]
[EventCountry "CAN"]

1. e4 c5 2. Nf3 Nc6 3. d4 cxd4 4. Nxd4 Nf6 5. Nc3 e5 6. Ndb5 d6 7. Bg5 a6 8.
Na3 b5 9. Bxf6 gxf6 10. Nd5 f5 11. Bd3 Be6 12. c3 Bg7 13. Qh5 f4 14. g3 fxg3
15. hxg3 h6 16. Nc2 Ne7 17. Nce3 Nxd5 18. exd5 Bd7 19. Qf3 Rc8 20. Rd1 Rc5 21.
Bb1 Bf6 22. Bf5 Bg5 23. Bxd7+ Qxd7 24. Nf5 Rc4 25. O-O Rg8 26. Rfe1 h5 27. Kf1
h4 28. gxh4 Bxh4 29. Re4 Rxe4 30. Qxe4 Bg5 31. Ke2 Bf4 32. Rh1 Kd8 33. Rh5 Kc7
34. Qb4 Rg5 35. Rxg5 Bxg5 36. Qg4 Bf4 37. Qh5 f6 38. Qg6 Bg5 39. Ne3 Qe7 40.
Qg8 Kb7 41. Nf5 Qc7 42. Ne3 1/2-1/2

[Event "Pere Noel U1800"]
[Site "Montreal CAN"]
[Date "2023.12.27"]
[Round "1.35"]
[White "Zlotnikov, Jonathan"]
[Black "Porlier, Xavier"]
[Result "1/2-1/2"]
[WhiteElo "1422"]
[BlackElo "1614"]
[PlyCount "23"]
[EventDate "2023.12.27"]
[EventType "swiss"]
[EventRounds "5"]
[EventCountry "CAN"]

1. e4 e5 2. Nc3 Nc6 3. Bc4 Nf6 4. d3 Bc5 5. f4 d6 6. Nf3 Bg4 7. h3 Bxf3 8. Qxf3
Qe7 9. Na4 Nd4 10. Qf2 b5 11. Nxc5 bxc4 12. Na4 1/2-1/2